000 00401nam a22001577a 4500
003 OSt
005 20160324103816.0
008 160324b xxu||||| |||| 00| 0 eng d
020 _a0815127855
040 _cN/A
050 _aRC55
_b.M278 1999
100 _aKenneth G. Marshall
245 _aMosby's 1999 Family Practiice Sourcebook
_cKenneth G. Marshall
260 _bMosby
_c1999
942 _2lcc
_cBK
999 _c253058
_d253057